| 000 | 00943cam a22002775a 4500 | ||
|---|---|---|---|
| 001 | 013639231 | ||
| 003 | OSt | ||
| 005 | 20160228115634.0 | ||
| 008 | 070108t2008 nyua frb 001 0 eng d | ||
| 020 | _a9780071101844 (pbk.) | ||
| 020 | _a0071101845 (pbk.) | ||
| 040 |
_aStDuBDS _beng _cStDuBDS _dUkOxU _dUk _dEG-ScBUE |
||
| 082 | 0 | 4 |
_a175 _222 _bMED |
| 245 | 0 | 0 |
_aMedia ethics : _bissues and cases / _c[editors] Philip Patterson, Lee Wilkins. |
| 250 | _a6th ed., McGraw-Hill international ed. | ||
| 260 |
_aNew York : _bMcGraw-Hill Higher Education, _cc.2008. |
||
| 300 |
_axviii, 366 p. : _bill. ; _c23 cm. |
||
| 500 | _aIndex : p. 361-366. | ||
| 504 | _aBibliography : p. 349-360. | ||
| 650 | 7 |
_aMass media _xMoral and ethical aspects. _2BUEsh _937823 |
|
| 650 | 0 |
_aCommunication _xMoral and ethical aspects. |
|
| 653 |
_bCOMAME _cFebruary2016 |
||
| 700 | 1 |
_aPatterson, Philip, _eeditor. |
|
| 700 | 1 |
_aWilkins, Lee, _eeditor. |
|
| 942 | _2ddc | ||
| 999 |
_c21261 _d21233 |
||